[Event "EU-ch 13th"]
[Site "Plovdiv"]
[Date "2012.03.27"]
[Round "7"]
[White "Nisipeanu, Liviu Dieter"]
[Black "Prohaszka, Peter"]
[Result "1-0"]
[WhiteElo "2643"]
[BlackElo "2553"]
[Annotator "Nisipeanu,LD"]
[PlyCount "59"]
[EventDate "2012.03.20"]
[EventType "swiss"]
[EventRounds "11"]
[EventCountry "BUL"]
[SourceTitle "CBM 148"]
[Source "ChessBase"]
[SourceDate "2012.05.16"]
[SourceVersion "1"]
[SourceVersionDate "2012.05.16"]
[SourceQuality "1"]

1. e4 e5 2. Nf3 Nc6 3. Bb5 Nf6 4. d3 {I have never avoided the Berlin Wall up
to this game, but running once again into some opening preparation seemed
unwise to me, especially since my opponent had been playing 1...c6 almost
exclusively. Aiming for an over the board fight was my approach to this game,
so I never bothered to study the 'subtleties' of 4.d3.} Bc5 {Actually I played
this as Black against Andrei Sokolov some years ago, when I was 'flirting'
with the Berlin myself.} 5. c3 O-O 6. Nbd2 (6. O-O d6 7. Bg5 {might be more
promising, as Istratescu played against Georgiev two rounds later in the
tournament, but I was trying to play a slow setup, which is similar to the
Italian opening.}) 6... d6 7. h3 a6 8. Ba4 (8. Bxc6 $6 bxc6 9. d4 exd4 10. cxd4
Ba7 11. O-O Re8 12. Qc2 c5 {seems more pleasant for Black}) 8... b5 9. Bc2 {
Of course, both sides have many possible setups, but the moves played in the
game seem fairly natural.} Re8 10. O-O Bb6 11. Re1 h6 12. Nf1 d5 (12... Be6 13.
d4 exd4 14. cxd4 d5 15. e5 Ne4 {was suggested by Peter after the game, and
indeed, it gives Black a good position}) 13. exd5 {Up to this moment play had
been rather slow, but we were spending quite a lot of time, trying to grasp
the nuances of the position. Obviosly the setup chosen by White can not pose
problems to Black in the opening, but I was hoping that Peter would not be
able to adjust, once the play became more concrete. With the move 12...d5
Black has clearly equalised, so the only chance to inject some life into the
game was to take on d5. It only changes the evaluation from static equality to
dynamic equality.} Qxd5 (13... Nxd5 14. Ng3 Bb7 (14... Be6 {is safer}) 15. d4
exd4 16. Rxe8+ Qxe8 17. Qd3 Nf6 18. Bxh6 gxh6 (18... Ne5 19. Qf5 Nxf3+ 20. gxf3
Bc8 21. Qf4 Qf8 22. cxd4 $14) 19. Re1 Qd8 20. Nh5 $40 {is one of the lines
that illustrates the dangers of a seemingly safe position.}) 14. Ng3 Bb7 {
A natural move, but maybe 14...Be6 would have been safer again.} 15. Bd2 {
A very tricky move.} ({For a while, I was considering the 'insane'} 15. Bxh6 $5
gxh6 ({to be honest, I gave up on the whole idea because of} 15... e4 16. Bxg7
Kxg7 {but after the absolutely stunning computer move} 17. d4 $3 exf3 (17...
Rh8 18. Nxe4 Nxe4 19. Rxe4 $36) 18. Nf5+ Kf8 19. Qd2 Ng8 20. Qg5 Re2 21. Rxe2
fxe2 22. Qg7+ Ke8 23. Qxg8+ Kd7 24. Qg4 {White is better.}) 16. Qc1 Qe6 (16...
Nd7 17. d4 Qd6 $8 18. Re4 Qf6 19. Rg4+ Kf8 20. Bf5 {is anything but safe for
Black.}) (16... e4 $1 17. dxe4 (17. Qxh6 exf3 18. d4 Nxd4 19. cxd4 Qxd4 20.
Qg5+ {is perpetual check.}) 17... Qc5 18. Qxh6 Re6 19. Ng5 Qxf2+ 20. Kh1 Qxg3
21. Nxe6 fxe6 22. Rf1 Bf2 23. Qxf6 Rf8 24. Qxe6+ Kg7 {with unclear play is
probably the best option for Black.}) 17. d4 Nd5 18. dxe5 (18. Nf5 Kf8 {
is less clear.}) 18... Nce7 19. Re4 {with a powerful attack.}) {As time
trouble was approaching slowly, it is no surprise that Peter played} 15... Rad8
{rather quickly and that was maybe the decisive mistake in the practical game.
Probably Black can defend after this, but with not to much time left, to
suddenly defend against a fierce attack is anything but simple.} 16. Qc1 $1 {
Now Black has to find un urgent defence against the sacrifice on h6. With
limited time this is hardly possible, so it came as little surprise that my
opponent went wrong.} Qc5 $1 {The best move by far!} (16... Nd7 17. Re4 $1 (17.
Nf5 Ne7 18. Nxg7 Kxg7 19. Bxh6+ Kh8 20. d4 Rg8 21. Be4 Qxe4 22. Rxe4 Bxe4 $13)
(17. Bxh6 gxh6 18. Re4 Qe6 19. d4 (19. Rg4+ Kf8 20. Rh4 Qf6 21. d4 Ne7 22. Rxh6
Qf4 $15) 19... Ne7 20. Rg4+ Kf8 21. Rg6 $1 Nxg6 22. Qxh6+ Ke7 23. Nf5+ Qxf5 24.
Bxf5 Bxf3 25. Qg5+ Kf8 26. Qh6+ $11) 17... Ne7 (17... Nf6 18. Rh4) 18. Bxh6 Qe6
19. Rg4 g6 20. Bb3 $16) ({During the game I considered the move} 16... Bc8 {
in order to control the important f5-square as one of the main lines, but after
} 17. Bxh6 $1 gxh6 18. Qxh6 Qd6 19. d4 Ne4 20. Qh4 Nxg3 21. Qxg3+ Kf8 22. Qh4 {
White has a very strong attack.}) 17. Re2 (17. Bxh6 Qxf2+ 18. Kh2 Nd4 19. cxd4
Bxf3 20. Re2 Bxe2 21. Be3 Ng4+ 22. hxg4 Qf6 {is not something to aim for...}) (
17. Be3 Qf8 {is about equal}) 17... Ne7 $5 {A very interesting move, but
unfortunately for Peter, it cost him too much time on the clock to find it.
For the remainder of the game Black was largely relying on the 30 seconds
bonus.} ({It seems that} 17... Qf8 18. Nf5 Nh5 $1 19. Bxh6 $1 gxh6 (19... Bc8
20. Bxg7 Nxg7 21. Nh6+ Kh8 22. Nxf7+ $1 Qxf7 23. Qh6+ Kg8 24. Ng5 Nf5 25. Qxc6
$36) 20. Nxh6+ Kh8 21. Qg5 Ng3 $3 {to control the f5-square!} (21... Nf4 22.
Nf5 $3 Nxe2+ 23. Kh2 Bc8 24. Qf6+ Kg8 25. Nh6+ Qxh6 26. Qxh6 $16) 22. Qf6+ Qg7
23. Nxf7+ Kg8 24. Nh6+ Kh8 {leads to a draw. Well, that is if you changed your
last name to Houdini...}) 18. Nxe5 Nf5 $6 ({A better move was} 18... Ng6 19. d4
Qd5 20. f4 (20. Nf3 Rxe2 21. Nxe2 Qe6 $15) 20... Nxe5 21. fxe5 Rxe5 22. Rf2 {
with only a slight edge to White.}) 19. Nxf5 ({I did not even think about the
computer's suggestion} 19. Bf4 {but it seems to give White the advantage in
all the lines.}) 19... Rxe5 20. d4 Qc6 21. Ne3 {White is a sound pawn up and
my opponent's time trouble makes the win easier.} Rh5 (21... Re6 {was better
but Black does not have enough compensation for the pawn. A 'bad Marshall' is
the best that Black can hope for.}) 22. Qf1 Qd7 (22... Rxh3 $2 23. Nf5 $1 {
again the f5-square!} Rd7 24. Rae1 g6 25. Ne7+ Rxe7 26. Rxe7 $18) 23. Rae1 c5 (
23... Ne4 $142 $16) 24. Ng4 $1 $18 cxd4 (24... Nxg4 25. hxg4 Rh4 26. Re7 Qc6
27. d5 Qc8 28. Qd3 $18) (24... Nd5 {was the best, but Black is losing after}
25. Ne5 Qc7 26. g4 (26. Nd3 {should also win}) 26... Rg5 27. Bxg5 hxg5 28. Nc4
$1 Bc6 29. Nxb6 Qxb6 30. dxc5 $18) 25. Nxf6+ gxf6 26. Re7 Qc8 27. Qd3 f5 28.
Qg3+ Kf8 29. Bb3 Bd5 30. Qe5 1-0

[Event "London Classic 7th"]
[Site "London"]
[Date "2015.12.06"]
[Round "3"]
[White "Caruana, Fabiano"]
[Black "Nakamura, Hikaru"]
[Result "1/2-1/2"]
[WhiteElo "2787"]
[BlackElo "2793"]
[Annotator "Pavlovic,M"]
[PlyCount "89"]
[EventDate "2015.12.04"]
[EventType "tourn"]
[EventRounds "9"]
[EventCountry "ENG"]
[EventCategory "22"]
[SourceTitle "CBM 170"]
[Source "ChessBase"]
[SourceDate "2016.01.15"]
[SourceVersion "1"]
[SourceVersionDate "2016.01.15"]
[SourceQuality "1"]

1. e4 e5 2. Nf3 Nc6 3. Bb5 Nf6 4. d3 Bc5 5. Bxc6 dxc6 6. Nbd2 {A popular line
nowadays.} Qe7 $5 {Nakamura chooses a rare but interesting continuation.} ({
Another recent example is:} 6... Nd7 7. Nc4 O-O 8. Bd2 Re8 9. Qe2 f6 10. h4 Nf8
11. h5 Be6 12. Ne3 Qd7 13. h6 g6 14. O-O Bg4 15. Nxg4 Qxg4 16. Nd4 Qxe2 17.
Nxe2 Ne6 18. g3 g5 19. Be3 Bf8 20. Kg2 Bxh6 {1/2-1/2 (56) Adams,M (2744)
-Nakamura,H (2793) London 2015; from the same event, this time Nakamura is a
pawn up but failed to convert just like Caruana in this game.}) 7. h3 (7. O-O
Bg4 8. Nc4 O-O-O 9. Qe2 Nd7 10. Be3 f6 11. a3 Nf8 12. b4 Bd4 13. Bxd4 exd4 14.
Rfb1 Ng6 15. h3 Nf4 16. Qd2 $1 Nxh3+ 17. gxh3 Bxh3 18. a4 {1-0 (30) Hou Yifan 
(2629)-Muminova,N (2332) Lopota 2014. Black doesn't have enough play for the
sacrificed piece.}) 7... O-O (7... Nd7 8. Nc4 f6 9. O-O Nf8 10. Be3 Be6 11.
Bxc5 Qxc5 12. Ne3 O-O-O 13. Nh4 g6 14. Qf3 Qe7 15. Qg3 Rg8 16. a3 Kb8 17. b4 f5
18. exf5 gxf5 19. Nhxf5 Qf6 20. Qh4 Qxh4 21. Nxh4 Bxh3 22. Kh2 Bc8 23. Rae1 {
0-1 (76) Hasangatin,R (2437)-Postny,E (2559) Internet (blitz) 2005. White has
better chances in this endgame.}) 8. Nc4 Nd7 9. Qe2 $5 {At a very early stage
we have entered a position that is practically new, but still we are not out
of usual ideas that can arise here.} (9. O-O Bd6 10. c3 a5 11. Re1 b5 12. Ne3
Nb6 13. d4 exd4 14. Qxd4 c5 15. Qd3 c4 16. Qc2 Qf6 17. Nd4 Bd7 {0-1 (45)
Bodnaruk,A (2411)-Pogonina,N (2480) Kazan 2014, Black got nice play.}) 9... b5
10. Ne3 Nb6 11. Nf5 Bxf5 12. exf5 Nd7 {The alternative could have brought us
highly interesting chess:} (12... Qd7 $5 13. Qe4 (13. f6 gxf6 14. Bh6 Rfe8 15.
O-O-O Qe6 16. Nh4 Kh8 17. Qf3 Rg8 18. g4 {this is one sharp possibility, White
is a pawn down but the position is rather unbalanced}) 13... f6 14. Be3 Bxe3
15. fxe3 Na4 16. O-O-O Qd5 17. Qxd5+ cxd5 18. d4 e4 19. Ne1 $1 {with the idea
g4-Ng2-f4 again with a highly interesting type of game.} {For instance:} Nb6
20. g4 Nc4 21. Ng2 Kf7 22. b3 Nd6 23. Nf4 c6 24. Kb2 a5 25. h4 {the position
is still in some kind of equilibrium.}) 13. Nd2 $1 Bb4 14. c3 Ba5 15. Ne4 b4
16. O-O Rfd8 (16... bxc3 17. bxc3 Rfd8 18. Qc2 {Here too White has the
initiative due to his better structure and better piece placement, especially
his knight on e4 looks strong.}) 17. cxb4 Bxb4 18. Be3 f6 19. Qc2 {White's
strategy is simple and it seems that so far it has worked well in this game.}
Nb6 20. a3 Bd6 21. Qxc6 {White has got a pawn and we can say that his chances
are much better.} Qd7 22. Qxd7 Rxd7 23. Rfc1 Nd5 24. Bd2 Bf8 25. g3 $6 {
An inaccuracy after which it will not be easy for White to convert his extra
pawn.} (25. b4 $1 Nb6 (25... Ne7 26. Nc5 $16) 26. Kf1 Rxd3 27. Rxc7 Nd5 28. Rb7
Rd4 29. f3 Rd3 30. Ke2 Rb3 31. Rd7 Nb6 32. Rd3 $16) 25... a5 $1 26. Kf1 a4 27.
Ke2 Rb8 28. Rc2 Rb3 {Cautious play by White allowed Black to reach his optimum
and now it is not easy at all to get something out of it.} 29. Rac1 Rd8 $1 {
The idea is Rdb8.} 30. Nc3 Nxc3+ 31. Bxc3 Rd5 32. g4 c6 33. Rg1 h6 34. h4 Be7
35. Rg3 Kf7 36. Kd2 Bd6 37. Ke2 Bc5 {Back is fine and we can say that the pawn
up means nothing now.} 38. g5 Bd4 39. gxh6 gxh6 40. Rg6 Bxc3 41. bxc3 h5 42.
Rh6 Kg7 43. Rg6+ Kf7 44. Rh6 Kg7 45. Rg6+ 1/2-1/2

[Event "EU-Cup 32nd"]
[Site "Novi Sad"]
[Date "2016.11.08"]
[Round "3.2"]
[White "Inarkiev, Ernesto"]
[Black "Kramnik, Vladimir"]
[Result "0-1"]
[WhiteElo "2714"]
[BlackElo "2810"]
[Annotator "Pavlovic,M"]
[PlyCount "94"]
[EventDate "2016.11.06"]
[EventType "team-swiss"]
[EventRounds "7"]
[EventCountry "SRB"]
[SourceTitle "CBM 176"]
[Source "ChessBase"]
[SourceDate "2017.01.17"]
[SourceVersion "1"]
[SourceVersionDate "2017.01.17"]
[SourceQuality "1"]
[WhiteTeam "Moscow SHSM Legacy"]
[BlackTeam "Siberia"]
[WhiteTeamCountry "RUS"]
[BlackTeamCountry "RUS"]

1. e4 e5 2. Nf3 Nc6 3. Bb5 Nf6 4. d3 Bc5 5. Bxc6 {A very popular line, it is
similar to any other Bxc6 ideas in the Ruy Lopez and should be compared and
analysed as such. Obviously White is trying to get the initiative using
entirely different methods, a kind of similar way of playing to the
Nimzo-Indian strategy that Black uses.} dxc6 6. Be3 Bd6 7. h3 Nd7 8. Nbd2 O-O
9. O-O Re8 10. c3 {I will add another game where actually we saw similar ideas
for both sides:} (10. Nc4 Nf8 11. a4 Ng6 12. c3 Bf8 13. Qc2 Qf6 14. Bg5 Qe6 15.
Be3 h6 16. Rfe1 Qf6 17. Ncd2 a5 18. Rac1 Be6 19. Kh2 Rad8 20. Nf1 c5 21. Ng3 b6
$13 {1/2-1/2 (56) Zhao Jun (2616)-Ma Qun (2608) Zaozhuang 2015}) 10... c5 {
Probably best. Other moves that more or less lead to the same type of
positions are presented in the next few games:} (10... b6 11. Qc2 Bb7 12. Rad1
c5 13. Rfe1 Qe7 14. Nf1 Nf8 15. Ng3 g6 16. Bh6 Ne6 17. Qc1 Rad8 18. a3 a5 19.
d4 cxd4 20. cxd4 Nxd4 21. Nxd4 exd4 22. Rxd4 Bxg3 $17 {0-1 (66) Sevian,S (2556)
-Le Quang Liem (2697) Saint Louis 2015}) (10... Nf8 11. d4 Ng6 12. Qc2 exd4 13.
cxd4 Bf4 14. Rfe1 Qf6 15. Nf1 Be6 16. Ng3 Bxe3 17. Rxe3 Nf4 18. a3 a5 19. Qd2
Qh6 20. Rc1 $14 {½-½ (45) Inarkiev,E (2671)-Aronian,L (2783) Mainz 2010.
Even here although we can say that White has achieved something, it's really
not much.}) 11. Qc2 ({Another idea is} 11. a3 a5 12. Re1 Nf8 13. d4 cxd4 14.
cxd4 exd4 15. Nxd4 Bc5 $5 (15... Be5 16. N2f3 Bxd4 17. Bxd4 b6 18. Be5 $1 Qxd1
19. Rexd1 Ra7 20. Rac1 c5 21. Rd6 Rb7 22. Bg3 Rxe4 $4 (22... Bd7 23. Ne5 Bb5
24. f3 Ne6 {should be ok for Black}) 23. Rd8 Bd7 24. Re1 {1-0 (24) Nakamura,H 
(2764)-Kasimdzhanov,R (2706) Baku 2014}) 16. N4f3 Bxe3 17. Rxe3 b6 18. Qc2 Bb7
{Black is fine.}) 11... Nf8 12. Nc4 Ng6 13. Rad1 Bf8 14. d4 {I was never fond
of such ideas for White in this type of structure; they can be played really
only when White can gain some development advantage or concrete action. In
this particular case I don't think that any of those elements are present.} (
14. Rfe1 b6 15. d4 exd4 16. cxd4 Qe7 17. Bg5 f6 18. Bc1 cxd4 19. Nxd4 Qf7 20.
b3 Bb7 $11) 14... exd4 15. cxd4 Qe7 $1 16. dxc5 Qxe4 17. Qxe4 Rxe4 18. b3 Re8
19. Rd2 (19. Na3 c6 20. Nc4 Be6 21. Nd6 Re7 {with ...Bd5 to follow will give
Black good counterplay.}) 19... b6 20. Rc1 Ba6 {Black is fine.} 21. a4 $6 (21.
Rd7 Re7 22. Rd2 Ree8 $11) 21... bxc5 $5 {Taking the pawn was not forced at all,
but Kramnik saw the b3-pawn as a potential target.} 22. Rd7 $2 {Simply
overlooking the next few moves.} (22. Na5 {was better:} Red8 23. Rxd8 Rxd8 24.
Nc6 (24. Bxc5 Nf4 $19) 24... Rd5 25. Nxa7 c4 26. bxc4 Ra5 $11) 22... Bxc4 $1
23. Rxc4 Bd6 {Suddenly the rook is trapped on d7!} 24. Bxc5 Nf8 $17 25. Bxd6
Nxd7 26. Rxc7 Nb6 27. a5 Nd5 28. Rb7 Red8 29. Bg3 a6 {With an exchange up it
is not that easy to win, but we will see that Kramnik does it fast.} 30. Ng5
Nc3 $5 31. Be5 $6 (31. Nxf7 Rd5 32. Be5 Nb5 {and the white pieces are
awkwardly placed.}) 31... Ne2+ 32. Kh2 f6 33. Ne6 fxe5 34. Nxd8 Rxd8 35. Rb6
Ra8 36. g3 Rf8 $1 37. Kg2 Rf6 $19 38. Rb8+ Kf7 39. Rb7+ Kg6 40. Re7 Nc1 41.
Rxe5 Rxf2+ 42. Kxf2 Nd3+ 43. Ke3 Nxe5 44. Kd4 Nc6+ 45. Kc5 Nxa5 46. b4 Nb7+ 47.
Kb6 a5 $1 0-1

[Event "London Classic 7th"]
[Site "London"]
[Date "2015.12.07"]
[Round "4"]
[White "Topalov, Veselin"]
[Black "Caruana, Fabiano"]
[Result "1/2-1/2"]
[WhiteElo "2803"]
[BlackElo "2787"]
[Annotator "Pavlovic,M"]
[PlyCount "165"]
[EventDate "2015.12.04"]
[EventType "tourn"]
[EventRounds "9"]
[EventCountry "ENG"]
[EventCategory "22"]
[SourceTitle "CBM 170"]
[Source "ChessBase"]
[SourceDate "2016.01.15"]
[SourceVersion "1"]
[SourceVersionDate "2016.01.15"]
[SourceQuality "1"]

1. e4 e5 2. Nf3 Nc6 3. Bb5 Nf6 4. d3 Bc5 5. c3 O-O 6. Nbd2 d6 7. h3 Ne7 8. d4
Bb6 9. dxe5 dxe5 10. Qe2 $5 {Topalov decides to take the game into unknown
territory obviously looking for a fighting type of chess, which suits his
style perfectly.} ({Taking the pawn might prove to be risky:} 10. Nxe5 Qd6 11.
Nef3 Ng6 12. O-O (12. Bc4 Bd7 13. Qc2 Bc6 14. O-O Rae8 15. Re1 Nf4 $44) 12...
Bxh3 13. gxh3 (13. e5 Qe6 14. gxh3 (14. exf6 Qg4 15. Nh4 Qxh4 $17) 14... Qxh3
15. exf6 Nf4 16. Ne1 Qg3+ $11) 13... Qg3+ 14. Kh1 Qxh3+ 15. Nh2 c6 16. Bc4 Bc7
17. f4 Bxf4 18. Rxf4 Nxf4 19. Qf3 Qh4 20. Ndf1 Ng6 $19) 10... Ng6 11. g3 Qe7
12. Bd3 a5 13. Nc4 Bc5 14. Be3 Rd8 15. Bxc5 Qxc5 16. Ne3 h6 17. O-O-O Be6 18.
Kb1 b5 {We have got a very sharp position with unusual long castling in the
Ruy Lopez. I must say that it happened to me once, but the outcome of that
game was not encouraging.} 19. c4 b4 20. Nd5 Nd7 21. Ne1 c6 (21... Ngf8 22. f4
c6 23. Ne3 f6 24. h4 Bf7 25. f5 $36) 22. Nc7 Rac8 23. Nxe6 fxe6 24. h4 $6 (24.
Bc2 $1 {preventing ...a4 is an important nuance in the position.} Ngf8 $1 (
24... Nb6 25. Nd3 $1 $14) 25. Nd3 (25. b3 Qb6 26. Nd3 {with next f4}) 25...
Qxc4 $1) 24... Rf8 $6 (24... a4 $1 25. Bc2 Ra8 26. Nd3 Qa5 27. Qe1 c5 28. h5
Ne7 $17) 25. Bc2 $1 {Probably missed by Caruana. Black has deprived himself of
the f8-square for a knight and that creates certain problems.} Qe7 (25... Rxf2
26. Qg4 Ngf8 27. Nd3 Qe3 28. Nxf2 Qxf2 29. Rhf1 $18) 26. Nd3 Nc5 27. Qe3 Nxd3
28. Rxd3 Rfd8 29. Rhd1 Rxd3 30. Qxd3 $14 Nf8 31. Ba4 {White definitely enjoys
the better position but somehow it is not so easy to win it.} ({An alternative
was highly interesting:} 31. Qd6 Qf7 $5 ({also possible is} 31... Qxd6 32. Rxd6
Kf7 33. Ba4 Ke7 34. Rxc6 Rxc6 35. Bxc6 Kd6 36. Be8 Nh7 37. Bf7 Nf6 38. f3 g5
39. hxg5 hxg5 40. Kc2 g4 41. fxg4 Nxg4 42. Bh5 Nf6 43. Bf3 Nd7 $1 44. g4 Ke7
45. g5 Kf7 46. Bh5+ Kg7 47. Kd2 Nc5 48. Ke3 {I am not sure also about this
position either that White can make further progress}) 32. Qc5 Qc7 33. Ba4 Kf7
34. Rd6 Nd7 35. Qxc6 Qxc6 36. Rxc6 Rxc6 37. Bxc6 Nc5 38. Kc2 g5 39. f3 Ke7 {
it is not clear if White can win this despite beeing a pawn up:} {for instance:
} 40. Kd2 gxh4 41. gxh4 a4 42. Ke3 a3 $1 43. bxa3 bxa3 44. Kd2 Nb3+ 45. Kc3 Nd4
46. Ba4 Nxf3 47. h5 Ng5 48. Bc2 Kd7 49. Kb4 Kc6 $11) 31... Qc5 $1 32. Rd2 Kf7
33. Bd1 Ra8 $6 (33... Rc7 $5 34. Qd6 (34. Qd8 Ra7 35. b3 a4 $5 $132) 34... Qxd6
35. Rxd6 Ke7 $11) 34. Qd6 $1 Qxc4 35. Qxe5 $16 Qb5 36. Qc7+ $6 (36. Bh5+ $1 Kg8
37. Qxb5 cxb5 38. Be2 Rb8 39. Rd6 Kf7 40. h5 Rb7 41. Ra6 a4 42. Ra5 Nh7 43.
Bxb5 $16) 36... Kg8 37. Qd6 a4 38. Be2 Qb6 39. Bc4 Re8 40. Qd4 (40. g4 $5 Qb7
41. g5 hxg5 42. hxg5 $16) 40... c5 41. Qd6 Qb7 42. f3 a3 $1 {This is a key
asset that helps Black to obtain certain counterplay.} 43. Rd3 (43. b3 Qf7 44.
f4 Qb7 45. Qe5 Kh8 46. Rd6 Qa8 47. h5 Re7 $14) 43... axb2 44. Kxb2 Kh7 45. Kc2
Rc8 $5 {Anticipating a very long line...} 46. Ba6 Qa7 47. Bxc8 Qxa2+ 48. Kd1 c4
49. Rd2 Qa1+ 50. Ke2 c3 51. Qxf8 cxd2 52. Kxd2 Qb2+ $6 (52... Qc3+ $1 53. Kd1
h5 $1 54. g4 Qb3+ 55. Ke1 hxg4 56. fxg4 Qe3+ 57. Kf1 Qd3+ 58. Kg2 Qc2+ 59. Kg3
Qc3+ 60. Kg2 Qc2+ $11) 53. Ke3 Qc1+ 54. Kf2 Qd2+ 55. Kf1 Qd1+ 56. Kg2 Qe2+ 57.
Kh3 h5 58. g4 (58. Qc5 Qxf3 59. Qg1 Qxe4 60. Qg2 Qf5+ 61. Kh2 b3 62. Ba6 $16)
58... hxg4+ 59. Kxg4 Qg2+ 60. Kf4 Qh2+ 61. Ke3 Qg1+ 62. Kd3 Qf1+ 63. Kd4 Qa1+
64. Kc4 Qc3+ 65. Kb5 b3 66. Bxe6 ({Another type of queen endgame could have
arisen after} 66. Qe8 $5 Qxf3 (66... Qe5+ 67. Ka4 b2 68. Bxe6 $1 $18) 67. Bxe6
b2 68. Qg8+ Kh6 69. Ba2 Qd3+ 70. Qc4 b1=Q+ 71. Bxb1 Qxb1+ 72. Kc6 $14) 66...
Qe5+ 67. Kb4 Qxe6 68. Kc3 Qb6 $6 (68... b2 $1 69. Kxb2 Qb6+ 70. Kc3 Qe3+ 71.
Kc4 Qe2+ 72. Kc5 Qc2+ 73. Kd6 Qd3+ 74. Ke5 Qc3+ 75. Kf4 Qc1+ 76. Kg4 Qg1+ 77.
Kf5 Qe3 78. f4 Qh3+ 79. Ke5 Qc3+ 80. Ke6 Qb3+ {it seems that White can't
progress in this endgame.}) 69. Qf5+ Kg8 70. Qd5+ {A better version of this
endgame is in the following line...} (70. Kb2 $1 Qf2+ 71. Kxb3 Qxh4 72. Kc4 Qh2
73. Qd5+ Kf8 74. e5 Qf4+ 75. Kd3 $16 {White has much more active pieces
compared to the game.}) 70... Kf8 71. Qxb3 Qf6+ 72. Kc2 Qxh4 {Now Black can
save this due to the inactive positions of the white king and queen.} 73. Qb8+
Kf7 74. Kd3 Qe1 75. Qf4+ Ke6 76. Qf5+ Ke7 77. Qc5+ Kf7 78. Qf5+ Ke7 79. Qg6
Qd1+ 80. Ke3 Qe1+ 81. Kf4 Qc1+ 82. Kf5 Qc5+ 83. Kf4 1/2-1/2